000 00359pab a2200157 454500
008 180718b1995 xxu||||| |||| 00| 0 eng d
100 _aSubramanian, Garimella
245 _aIs prohibition the cure?
260 _c1995
300 _ap.8
362 _a19 May
650 _aLiquor laws
650 _aProhibition - India
773 _aHindu
909 _a28883
999 _c28883
_d28883